Made it Ma, Top of the Quotes Page Quiz Stats

Quiz not verified by Sporcle

Challenge
Share
Tweet
Embed
Score 0/25 Timer 06:00
0 Plays Today
% Correct
The Godfather
96.1%
Mrs. Doubtfire
95.3%
Field of Dreams
91.3%
When Harry Met Sally
84.3%
Life of Pi
81.9%
Madagascar
81.9%
Star Wars
80.3%
12 Angry Men
66.1%
This Is Spinal Tap
65.4%
Fight Club
63%
National Treasure
60.6%
Finding Nemo
56.7%
Lord of the Rings: Fellowship of the Ring
54.3%
% Correct
The Lion King
53.5%
Austin Powers: International Man of Mystery
51.2%
Jaws
46.5%
Raiders of the Lost Ark
37.8%
Singin' in the Rain
30.7%
Pulp Fiction
29.1%
A View To A Kill
26%
Lincoln
22.8%
Remember the Titans
22.8%
Saving Private Ryan
20.5%
Kung Fu Panda
19.7%
The Graduate
13.4%

You're not logged in!

Compare scores with friends on all Sporcle quizzes.
Join for Free
OR
Log In

You Might Also Like...

Show Comments

Extras

Top Quizzes Today


Score Distribution

Your Account Isn't Verified!

In order to create a playlist on Sporcle, you need to verify the email address you used during registration. Go to your Sporcle Settings to finish the process.

Report this User

Report this user for behavior that violates our Community Guidelines.

Details: